00290 a2200097 4500001001000000005001700010008004100027245005700068100002400125773004300149ART_4112320260410161628.0260409a 10aReformas incorporadas a la ley general de sociedades1 aBarreiro, Rafael F.0 tEnfoquesg- NÂș 12 (dic. 2016)wREV416